00493 a2200157 450000100060000004000260000610000220003224000570005424500520011130000070016336200090017065000230017994200070020295201090020999900170031848636 cAnchieta - Bela Vista aSouza, Flavio de.10aChapeuzinho adormecida no país das maravilhaslpor10aChapeuzinho adormecida no país das maravilhas a690 a2009 4aLiteratura juvenil cBK 00104070a91.4b91.4d2023-11-21l0oLJ 028.5 S719c CHAp765/BELr2024-08-02 11:33:19w2023-11-21yBK c48636d48636